[Event "Moscow rapid g/15"]
[Site "Moscow"]
[Date "1992.??.??"]
[Round "?"]
[White "Karpov, Anatoly"]
[Black "Gulko, Boris F"]
[Result "1-0"]
[WhiteElo "2715"]
[BlackElo "2610"]

1.d4 Nf6 2.c4 g6 3.Nc3 d5 4.cxd5 Nxd5 5.e4 Nxc3 6.bxc3 Bg7 7.Be3 c5 8.Qd2 Qa5
9.Rb1 b6 10.Bb5+ Bd7 11.Be2 Nc6 12.Nf3 O-O 13.Rc1 cxd4 14.cxd4 Qxd2+ 15.Kxd2 e6
16.Bb5 Rac8 17.a4 Rfd8 18.Bg5 f6 19.Be3 Nb8 20.Ke2 Kf7 21.Bf4 a6 22.Bxd7 Nxd7
23.Nd2 Bf8 24.Nc4 Rc6 25.a5 bxa5 26.Nxa5 Rxc1 27.Rxc1 e5 28.dxe5 fxe5 29.Bg5 Rb8
30.Rc7 Ke8 31.Nc4  1-0

[Event "Moscow rapid"]
[Site "Moscow"]
[Date "1992.??.??"]
[Round "?"]
[White "Karpov, Anatoly"]
[Black "Krasenkow, Michal"]
[Result "1-0"]
[WhiteElo "2715"]
[BlackElo "2555"]

1.d4 Nf6 2.c4 g6 3.Nc3 d5 4.cxd5 Nxd5 5.e4 Nxc3 6.bxc3 Bg7 7.Be3 c5 8.Rb1 Qa5
9.Qd2 b6 10.Bb5+ Bd7 11.Bd3 cxd4 12.cxd4 Nc6 13.Ne2 O-O 14.Qxa5 Nxa5 15.Kd2 f5
16.f3 e5 17.d5 f4 18.Bf2 Rfc8 19.Ba6 Rd8 20.Bh4 Rf8 21.Rhc1 Bf6 22.Bxf6 Rxf6
23.Rc7 Rf7 24.Nc1 Be8 25.Rxf7 Kxf7 26.Nd3 Kf6 27.Rc1 b5 28.Rc7 Nc4+ 29.Kc3 Nd6
30.Kb4 g5 31.Kc5 Rd8 32.Nxe5 Kxe5 33.Re7+ Kf6 34.Re6+  1-0

[Event "Moscow4"]
[Site "Moscow"]
[Date "1992.??.??"]
[Round "?"]
[White "Naumkin, Igor"]
[Black "Baikov, Vladimir A"]
[Result "1-0"]
[WhiteElo "2460"]
[BlackElo "2345"]

1.d4 Nf6 2.c4 g6 3.Nc3 d5 4.cxd5 Nxd5 5.e4 Nxc3 6.bxc3 Bg7 7.Bc4 c5 8.Ne2 Nc6
9.Be3 cxd4 10.cxd4 b5 11.Bd5 Bd7 12.O-O O-O 13.Qd2 e6 14.Bxc6 Bxc6 15.f3 a5
16.Bh6 b4 17.Bxg7 Kxg7 18.Rfc1 Qb6 19.Rc5 Rfd8 20.Rac1 Bb7 21.h4 Rac8 22.Qf4 Rxc5
23.dxc5 Qb5 24.Ng3 Qd7 25.Kh2 Bc6 26.e5 Qe7 27.Rc2 h6 28.Ne2 g5 29.Qg3 Kf8
30.Qg4 Ba4 31.Rc1 gxh4 32.c6 Rc8 33.Qe4 Kg7 34.f4 f5 35.exf6+ Qxf6 36.Nd4 Kh8
37.Nxe6 Rg8 38.Qe5 Qxe5 39.fxe5 b3 40.c7 Bd7 41.Nc5 b2 42.Rb1 Bc8 43.e6 Kg7
44.Rxb2 Kf6 45.Rd2 Rg7 46.Rd7 Re7 47.Rxe7 Kxe7 48.Kh3  1-0

[Event "Moscow4"]
[Site "Moscow"]
[Date "1992.??.??"]
[Round "?"]
[White "Gutop, Yuri V"]
[Black "Yuferov, Sergey  N"]
[Result "1/2-1/2"]
[WhiteElo "2430"]
[BlackElo "2440"]

1.d4 Nf6 2.c4 g6 3.Nc3 d5 4.cxd5 Nxd5 5.e4 Nxc3 6.bxc3 Bg7 7.Be3 c5 8.Qd2 Qa5
9.Rc1 Nd7 10.Bd3 O-O 11.Ne2  1/2-1/2

[Event "Moscow ZSKS"]
[Site "Moscow"]
[Date "1992.??.??"]
[Round "?"]
[White "Kiselev, Sergey"]
[Black "Krasenkow, Michal"]
[Result "1-0"]
[WhiteElo "2540"]
[BlackElo "2495"]

1.d4 Nf6 2.c4 g6 3.Nc3 d5 4.cxd5 Nxd5 5.e4 Nxc3 6.bxc3 Bg7 7.Bb5+ c6 8.Ba4 b5
9.Bb3 b4 10.Ne2 bxc3 11.Be3 O-O 12.Rc1 Nd7 13.e5 c5 14.e6 fxe6 15.O-O Ba6
16.Bxe6+ Kh8 17.d5 Ne5 18.Rxc3 Bxe2 19.Qxe2 Nf3+ 20.gxf3 Bxc3 21.Bxc5 Qc7
22.Qe3 Bf6 23.Rc1 Qa5 24.a3 Qa4 25.Rb1 a5 26.Rb7 Rab8 27.Rxb8 Rxb8 28.Bxe7 Qd4
29.d6 Qa1+ 30.Kg2 Bd4 31.Qf4 Qb2 32.Kh3 Qa1 33.Bc4  1-0

[Event "Moscow ZSKS"]
[Site "Moscow"]
[Date "1992.??.??"]
[Round "?"]
[White "Kiselev, Sergey"]
[Black "Karasev, Vladimir I"]
[Result "0-1"]
[WhiteElo "2540"]
[BlackElo "2380"]

1.d4 Nf6 2.c4 g6 3.Nc3 d5 4.cxd5 Nxd5 5.e4 Nxc3 6.bxc3 Bg7 7.Bb5+ c6 8.Ba4 O-O
9.Ne2 e5 10.O-O exd4 11.cxd4 Qe7 12.Qc2 a5 13.Bb3 Re8 14.f3 b5 15.a4 Be6
16.Bd2 Bxb3 17.Qxb3 b4 18.Rac1 Qe6 19.Rc4 Nd7 20.Rfc1 c5 21.Be3 cxd4 22.Nf4 Qd6
23.Rc6 Qf8 24.Bd2 Rac8 25.Nd5 Rxc6 26.Rxc6 Nc5 27.Qc2 d3 28.Qc4 Nxa4 29.Qxd3 Nc5
30.Qc4 Ne6 31.f4 b3 32.e5 b2 33.Nc3 Rb8 34.Nb1 Qd8 35.Rd6 Qc8 36.Rc6 Qd7
37.Kf1 Bf8 38.g4 Nxf4 39.Bxf4 Rb4 40.e6 Qd1+ 41.Kf2 Rxc4  0-1

[Event "Alekhine mem"]
[Site "Moscow"]
[Date "1992.??.??"]
[Round "?"]
[White "Karpov, Anatoly"]
[Black "Timman, Jan H"]
[Result "1-0"]
[WhiteElo "2715"]
[BlackElo "2665"]

1.d4 Nf6 2.c4 g6 3.Nc3 d5 4.cxd5 Nxd5 5.e4 Nxc3 6.bxc3 Bg7 7.Be3 c5 8.Qd2 Qa5
9.Rb1 b6 10.Bb5+ Bd7 11.Be2 Nc6 12.Nf3 Rd8 13.Rc1 cxd4 14.cxd4 Qxd2+ 15.Kxd2 f5
16.exf5 gxf5 17.g3 O-O 18.Rhd1 Kh8 19.Ke1 Nb4 20.Rc7 a5 21.Rb1 Nd5 22.Ra7 Be6
23.Ne5 Rd6 24.Bd2 Rc8 25.Ba6 Rcd8 26.a3 Bg8 27.Rc1 Bf6 28.Bd3 Be6 29.Bb5 Rg8
30.Bh6 Rb8 31.Rc6 Rbd8 32.Rxd6 exd6 33.Bd7 Rxd7 34.Nxd7 Bxd4 35.Ra8+ Bg8
36.Rb8 a4 37.Kf1 Bb2 38.Nxb6 Nxb6 39.Rxb6 Bxa3 40.Rb8 Bc5 41.Ra8 a3 42.Bc1 Kg7
43.Bxa3 Bd5 44.Ra5 Bc4+ 45.Kg2 Bd4 46.Rxf5 d5 47.f3 Kg6 48.g4 Bf6 49.Bc1 d4
50.Rc5 Be2 51.Kg3 Be7 52.Rc6+ Kf7 53.Rh6 Bd3 54.h4 Bb4 55.Bb2 Be1+ 56.Kg2  1-0

[Event "Munich"]
[Site "Munich"]
[Date "1992.??.??"]
[Round "6"]
[White "Lobron, Eric"]
[Black "Lutz, Christopher"]
[Result "1/2-1/2"]
[WhiteElo "2575"]
[BlackElo "2540"]

1.d4 Nf6 2.c4 g6 3.Nc3 d5 4.cxd5 Nxd5 5.e4 Nxc3 6.bxc3 Bg7 7.Bc4 c5 8.Ne2 O-O
9.Be3 Nc6 10.Rc1 Qa5 11.O-O e6 12.f4 cxd4 13.cxd4 Bd7 14.d5 exd5 15.Bxd5 Nb4
16.Qd2 Rfd8 17.Bc5 Bf8 18.Bxf8 Rxf8 19.f5 Qb6+ 20.Kh1 Nxd5 21.exd5 Bxf5 22.Ng3 Bd7
23.Rb1 Qa6 24.Ne4 Bf5 25.Nc5 Qd6 26.Nxb7 Qd7 27.Nc5 Qd6 28.Rbc1 Rac8 29.Qd4 Rfd8
30.Rfd1 Rc7 31.Rc3 Re7 32.g4 Bc8 33.Ne4 Qe5 34.Nf6+ Kg7 35.g5 Qxd4 36.Rxd4 Re1+
37.Kg2 h6 38.Ne4 hxg5 39.Rc7 Bd7 40.Nc5 Bf5 41.Rxa7 Re5 42.a4 Rdxd5 43.Rxd5 Rxd5
44.Rc7 Rd2+ 45.Kg3 Ra2 46.Ra7 Rc2 47.Rc7 Kh6 48.Na6 Ra2 49.Nc5 f6 50.Rb7 Bc2
51.Rb8 f5 52.Rh8+ Kg7 53.Ra8 Bd1 54.Ne6+ Kf6 55.Ra6 Rxa4 56.Rb6 Ke5 57.Kf2 Ra2+
58.Ke1 Bh5 59.h3 Rg2 60.Kf1 Rg3 61.Kf2 f4 62.Nf8 Rxh3 63.Rb5+ Kf6 64.Nh7+ Ke7
65.Nxg5 Rh2+ 66.Kg1 Re2 67.Rb4 f3 68.Kf1 Rg2 69.Re4+ Kd6 70.Re6+ Kd5 71.Ra6 Kc4
72.Ra5 Kd4 73.Ne6+ Ke4 74.Ra4+ Ke5 75.Nf4 Rg4 76.Nxg6+ Rxg6 77.Ra5+ Kf4 78.Rxh5  1/2-1/2

[Event "CZE-ch U20"]
[Site "Neratovice"]
[Date "1992.??.??"]
[Round "?"]
[White "Hanzl, R."]
[Black "Adamek, Zdenek"]
[Result "0-1"]
[WhiteElo "1890"]
[BlackElo "2110"]

1.d4 Nf6 2.c4 g6 3.Nc3 d5 4.cxd5 Nxd5 5.e4 Nxc3 6.bxc3 Bg7 7.Bc4 c5 8.Ne2 O-O
9.O-O Nc6 10.Be3 Bg4 11.f3 Na5 12.Bxf7+ Rxf7 13.fxg4 Rxf1+ 14.Kxf1 Qd6 15.e5 Qd5
16.Kg1 cxd4 17.cxd4 Rd8 18.Qc2 Nc6 19.Rf1 b5 20.Kh1 Nb4 21.Qc7 Qd7 22.Qxd7 Rxd7
23.Rb1 Nd5 24.Bf2 b4 25.h4 a5 26.Be1 e6 27.Rc1 Ra7 28.Rc6 Kf7 29.Nc1 a4 30.Bd2 Bf8
31.Rc2 Rb7 32.Rb2 b3 33.axb3 Ba3 34.Rb1 Bxc1 35.Bxc1 Rxb3 36.Ra1 Nc3 37.Kg1 Rb1
38.Rxb1 Nxb1 39.Bb2 a3 40.Ba1 a2 41.Kf2 Nd2 42.Bb2 Nb3 43.Kf3 a1=Q 44.Bxa1 Nxa1
45.g5 Nc2 46.Ke4 Nb4 47.g4 Ke7  0-1

[Event "New York op"]
[Site "New York"]
[Date "1992.??.??"]
[Round "5"]
[White "Lobron, Eric"]
[Black "Gurevich, Ilya"]
[Result "1-0"]
[WhiteElo "2575"]
[BlackElo "2475"]

1.d4 Nf6 2.c4 g6 3.Nc3 d5 4.cxd5 Nxd5 5.e4 Nxc3 6.bxc3 Bg7 7.Bc4 c5 8.Ne2 Nc6
9.Be3 O-O 10.Rc1 cxd4 11.cxd4 Qa5+ 12.Kf1 Bd7 13.h4 Rfc8 14.h5 Nd8 15.hxg6 hxg6
16.f3 Bb5 17.Bxb5 Qxb5 18.Kf2 Rxc1 19.Qxc1 Nc6 20.Qb1 Qa6 21.e5 Rd8 22.a4 Kf8
23.Qb5 Qxb5 24.axb5 Na5 25.Ra1 b6 26.Rc1 Ke8 27.Rc7 Rd7 28.Rc8+ Rd8 29.Rc7 Rd7
30.Rc8+ Rd8 31.Rxd8+ Kxd8 32.Bd2 Nb3 33.Bc3 Bh6 34.f4 Kd7 35.Ke3 g5 36.f5 g4+
37.Kd3 Kc7 38.Bb4 e6 39.f6 Kb7 40.Nc3 a5 41.Be7 Nc1+ 42.Kc4 a4 43.Ba3 Nb3
44.Nxa4 Nd2+ 45.Kd3 Nf1 46.Nc3 Kc7 47.Ne4 Bf4 48.Nd6 Ne3 49.g3 Nd1 50.Ne4 Bh6
51.Ke2  1-0

[Event "NOR-chT east"]
[Site "NOR"]
[Date "1992.??.??"]
[Round "4"]
[White "Scholseth, Tor Kristian"]
[Black "Ostenstad, Berge"]
[Result "0-1"]
[WhiteElo "2315"]
[BlackElo "2455"]

1.d4 Nf6 2.c4 g6 3.Nc3 d5 4.cxd5 Nxd5 5.e4 Nxc3 6.bxc3 Bg7 7.Nf3 c5 8.Be2 Nc6
9.d5 Bxc3+ 10.Bd2 Bxa1 11.Qxa1 Nd4 12.Nxd4 cxd4 13.Qxd4 f6 14.e5 Qb6 15.Qa1 Bf5
16.O-O O-O 17.Bh6 Rfc8 18.Be3 Qd8 19.exf6 exf6 20.Qd4 Qb6 21.Qf4 Qb2 22.Bf3 Bd3
23.Rd1 Rc4 24.Qd6 Qe5 25.Qe6+ Qxe6 26.dxe6 Be4 27.Rd7 Rac8 28.Bd1 Bf5 29.Bb3 Rc1+
30.Bxc1 Rxc1+ 31.Rd1 Rxd1+ 32.Bxd1 Bxe6 33.a3 Kf7 34.Bf3 b5 35.Kf1 Ke7 36.Ke2 Kd6
37.Kd3 Bd5  0-1

[Event "Norresundby op"]
[Site "Norresundby"]
[Date "1992.??.??"]
[Round "7"]
[White "Savchenko, Stanislav"]
[Black "Nielsen, Tommy"]
[Result "1-0"]
[WhiteElo "2505"]
[BlackElo "2250"]

1.d4 Nf6 2.c4 g6 3.Nc3 d5 4.cxd5 Nxd5 5.e4 Nxc3 6.bxc3 Bg7 7.Bb5+ c6 8.Ba4 O-O
9.Ne2 Qa5 10.O-O Be6 11.Bb3 Bxb3 12.Qxb3 b6 13.e5 c5 14.e6 f5 15.Bg5 cxd4
16.Bxe7 Re8 17.cxd4 Rxe7 18.Qf3 Nc6 19.Qxc6 Rae8 20.d5 Bxa1 21.Rxa1 Rd8 22.Nf4 Qa3
23.g3 Qd6 24.Rc1 Qe5 25.h4 Kg7 26.Qc4 h6 27.h5 gxh5 28.Qb4 Rb7 29.Re1 a5
30.Qd2 Qd6 31.Qd4+ Kh7 32.Qf6 Rg7 33.Nxh5 Rg5 34.e7 Rxg3+ 35.fxg3 Qc5+ 36.Kg2 Qxd5+
37.Kh3 Rg8 38.e8=Q Rxe8 39.Qg7+  1-0

[Event "Oakham"]
[Site "Oakham"]
[Date "1992.??.??"]
[Round "5"]
[White "Kramnik, Vladimir"]
[Black "Moutousis, Konstantinos"]
[Result "1-0"]
[WhiteElo "2590"]
[BlackElo "2405"]

1.d4 Nf6 2.c4 g6 3.Nc3 d5 4.cxd5 Nxd5 5.e4 Nxc3 6.bxc3 Bg7 7.Bb5+ c6 8.Ba4 O-O
9.Ne2 c5 10.O-O Nc6 11.Be3 Qc7 12.Rc1 e6 13.Bf4 Qe7 14.Qd2 Bd7 15.dxc5 e5
16.Bg5 f6 17.Be3 Be6 18.Bb3 Rad8 19.Bd5 Kh8 20.c4 f5 21.exf5 gxf5 22.f4 Rg8
23.fxe5 Nxe5 24.Nf4 Bf7 25.h3 Qf6 26.Kh1 Rd7 27.Qe2 Re8 28.Nh5 Bxh5 29.Qxh5 Ng6
30.Bg5 Qe5 31.c6  1-0

[Event "Oberwart op"]
[Site "Oberwart"]
[Date "1992.??.??"]
[Round "3"]
[White "Haag, Wolfgang"]
[Black "Dvoirys, Semen I"]
[Result "0-1"]
[WhiteElo "2280"]
[BlackElo "2570"]

1.d4 Nf6 2.c4 g6 3.Nc3 d5 4.cxd5 Nxd5 5.e4 Nxc3 6.bxc3 Bg7 7.Qa4+ Qd7 8.Qxd7+ Bxd7
9.Rb1 b6 10.Bd3 O-O 11.Ne2 e6 12.f4 c5 13.dxc5 bxc5 14.Be3 Rc8 15.Bb5 Bxb5
16.Rxb5 Nd7 17.Kf2 f5 18.e5 Bf8 19.h3 Nb6 20.g4 Rd8 21.gxf5 gxf5 22.Ra5 Nc4
23.Ra4 Nb2 24.Ra6 Kf7 25.Rc6 Nd1+ 26.Rxd1 Rxd1 27.Rc7+ Ke8 28.Bxc5 Bxc5+
29.Rxc5 Rb8 30.Kg3 Rb2 31.Nd4 Rd3+ 32.Kh4 Rh2 33.Nxe6 Ke7 34.Ng7 Rhxh3+ 35.Kg5 Rhg3+
36.Kh6 Rg4 37.Nxf5+ Kd7 38.Kxh7 Rh3+ 39.Nh6 Rgh4 40.Rd5+ Ke8 41.Rd6 Rxf4
42.Kg6 Rg3+ 43.Kh5 Rf2 44.Kh4 Rg1 45.Kh3 Rxa2 46.Nf5 Ra5 47.Re6+ Kd7 48.Nd4 Rc5
49.Ra6 Rxc3+ 50.Kh2 Rd1 51.Rxa7+ Kc8 52.Ra8+ Kb7 53.Ra7+ Kb6  0-1

[Event "Oberwart op"]
[Site "Oberwart"]
[Date "1992.??.??"]
[Round "6"]
[White "Freitag, Manfred"]
[Black "Gluckman, David"]
[Result "1-0"]
[WhiteElo "2245"]
[BlackElo "2330"]

1.d4 Nf6 2.c4 g6 3.Nc3 d5 4.cxd5 Nxd5 5.e4 Nxc3 6.bxc3 Bg7 7.Rb1 O-O 8.Be2 c5
9.Nf3 Nc6 10.d5 Na5 11.O-O b6 12.c4 e6 13.Bg5 Qe8 14.Re1 exd5 15.cxd5 Qxe4
16.Bb5 Qf5 17.Be7 Bb7 18.d6 Nc6 19.Bxf8 Bxf8 20.Rb3 Rd8 21.Rd3 Nb4 22.Rd2 Nd5
23.d7 Nc3 24.Re8 Qf6 25.Rd6 Bxf3 26.Rxf6  1-0

[Event "Oostende op"]
[Site "Oostende"]
[Date "1992.??.??"]
[Round "2"]
[White "Sadler, Matthew"]
[Black "Straub, Peter"]
[Result "1-0"]
[WhiteElo "2515"]
[BlackElo "2230"]

1.d4 Nf6 2.c4 g6 3.Nc3 d5 4.cxd5 Nxd5 5.e4 Nxc3 6.bxc3 Bg7 7.Bc4 c5 8.Ne2 Nc6
9.Be3 cxd4 10.cxd4 O-O 11.O-O Na5 12.Bd3 Be6 13.d5 Bxa1 14.Qxa1 f6 15.Bh6 Re8
16.Nf4 Bd7 17.e5 Rc8 18.e6 Ba4 19.Qb1 Qb6 20.Bxg6 Qxb1 21.Bf7+ Kh8 22.Rxb1 Rc2
23.d6 exd6 24.Nh5 Rg8 25.Bxg8 Kxg8 26.Nxf6+ Kh8 27.Re1 Rc8 28.e7 Be8 29.Re4  1-0

[Event "RUS-ch"]
[Site "Orel"]
[Date "1992.??.??"]
[Round "?"]
[White "Ragozin, Evgeni"]
[Black "Semeniuk, Alexander A"]
[Result "0-1"]
[WhiteElo "2415"]
[BlackElo "2370"]

1.c4 Nf6 2.Nc3 d5 3.d4 g6 4.cxd5 Nxd5 5.e4 Nxc3 6.bxc3 Bg7 7.Be3 c5 8.Qd2 cxd4
9.cxd4 Nc6 10.Rd1 Qa5 11.Qxa5 Nxa5 12.Bd2 Nc6 13.d5 Nd4 14.Bd3 e6 15.Bb4 exd5
16.exd5 Bg4 17.f3 Bf5 18.Bxf5 Nxf5 19.Ne2 Ne3 20.Rd2 Rc8 21.Kf2 Nc4 22.Rc2 Kd7
23.Rhc1 Nb6 24.Bc3 Bxc3 25.Nxc3 f5 26.a4 Rc5 27.Nb5 Rxc2+ 28.Rxc2 Nxd5 29.Rd2 Ke6
30.Nxa7 Nc3 31.Rc2 Nxa4 32.Rc4 Nb2 33.Rc7 Rd8 34.Rxb7 Rd2+ 35.Kg3 Nd3 36.Rxh7 f4+
37.Kh3 g5 38.g3 Nf2+ 39.Kg2 Ng4+ 40.Kg1 Rd1+ 41.Kg2 Rd2+ 42.Kg1 Ne5 43.gxf4 Nxf3+
44.Kh1 gxf4 45.Nc6 Kf5 46.Rh8 Ke4 47.Rh5 Rd6 48.Ne7 Rd7 49.Nf5 Rd2 50.Nh6 Ne5
51.Kg1 Kf3 52.h3 Rd1+ 53.Kh2 Rd2+ 54.Kg1 Rg2+ 55.Kh1 Re2 56.Rg5 Ke4 57.Ng4 Re1+
58.Kg2 f3+ 59.Kg3 Nxg4 60.hxg4 Rg1+ 61.Kf2 Rg2+ 62.Kf1 Kf4  0-1

[Event "RUS-ch"]
[Site "Orel"]
[Date "1992.??.??"]
[Round "?"]
[White "Lukin, Andrei M"]
[Black "Semeniuk, Alexander A"]
[Result "1/2-1/2"]
[WhiteElo "2435"]
[BlackElo "2370"]

1.d4 Nf6 2.c4 g6 3.Nc3 d5 4.cxd5 Nxd5 5.e4 Nxc3 6.bxc3 Bg7 7.Be3 c5 8.Qd2 cxd4
9.cxd4 Nc6 10.Rd1 Qa5 11.Qxa5 Nxa5 12.Nf3 O-O 13.Bd3 f5 14.Ke2 b6 15.Rc1 Bb7
16.exf5 gxf5 17.Rc7 Bd5 18.Rhc1 Bxa2 19.Rxe7 f4 20.Bd2 Rfe8 21.Rc7 Rxe7+
22.Rxe7 Nc6 23.Rd7 Rd8 24.Rxd8+ Nxd8 25.Bxf4 Ne6 26.Be3 Bd5 27.Ne5 Bxg2 28.Bc4 Bh3
29.Nc6 Kf8 30.d5 Nc5 31.Nxa7 Ke7 32.Nc6+ Kd7 33.Bf4 Ne4 34.Ke3 Nd6 35.Bd3 h6
36.Nd4 Ke7 37.f3 Bc8 38.Nc6+ Kd7 39.Ne5+ Ke7 40.Nc6+ Kd7 41.Bf1 Nf5+ 42.Kd2 Ke8
43.Bd3 Bf8 44.Kc3 Bg7+ 45.Kb4 Bf8+ 46.Kb5 Bc5 47.Bxf5 Bxf5 48.Nb8 Kd8 49.Kc6 Bc2
50.Kb7 Bb3 51.Nc6+ Kd7 52.Ne5+ Kd6 53.Nd3+  1/2-1/2

[Event "Orel"]
[Site "Orel"]
[Date "1992.??.??"]
[Round "?"]
[White "Volzhin, Alexander"]
[Black "Beshukov, Sergei"]
[Result "1/2-1/2"]
[WhiteElo "2405"]
[BlackElo "2500"]

1.d4 Nf6 2.c4 g6 3.Nc3 d5 4.cxd5 Nxd5 5.e4 Nxc3 6.bxc3 Bg7 7.Be3 c5 8.Qd2 O-O
9.Rc1 Qa5 10.Nf3 Nd7 11.Bd3 e6 12.Bh6 Rd8 13.h4 Bxh6 14.Qxh6 cxd4 15.h5 Nf8
16.Ng5 Qc7 17.Rh3 Qf4 18.hxg6 Qxc1+ 19.Ke2 Qb2+ 20.Kf1 Qa1+ 21.Ke2 Qxa2+
22.Kf1 Qa1+ 23.Ke2 Qb2+ 24.Kf1 Qc1+ 25.Ke2 Qb2+ 26.Kf1 Qc1+  1/2-1/2

[Event "Oslo"]
[Site "Oslo"]
[Date "1992.??.??"]
[Round "1"]
[White "Djurhuus, Rune"]
[Black "Hellers, Ferdinand"]
[Result "1/2-1/2"]
[WhiteElo "2420"]
[BlackElo "2510"]

1.d4 Nf6 2.c4 g6 3.Nc3 d5 4.cxd5 Nxd5 5.e4 Nxc3 6.bxc3 Bg7 7.Bc4 c5 8.Ne2 Nc6
9.Be3 O-O 10.Rc1 cxd4 11.cxd4 Qa5+ 12.Kf1 Bd7 13.h4 Rac8 14.h5 e6 15.hxg6 hxg6
16.f3 Rfd8 17.Bd2 Qb6 18.Rb1 Qc7 19.Bf4 Qa5 20.Bd2 Qc7 21.Bf4 Qa5 22.Bd2 Qc7  1/2-1/2

[Event "Oviedo rapid45"]
[Site "Oviedo"]
[Date "1992.??.??"]
[Round "7"]
[White "Sadler, Matthew"]
[Black "Sion Castro, Marcelino"]
[Result "1-0"]
[WhiteElo "2485"]
[BlackElo "2375"]

1.d4 Nf6 2.c4 g6 3.Nc3 d5 4.cxd5 Nxd5 5.e4 Nxc3 6.bxc3 Bg7 7.Bc4 c5 8.Ne2 Nc6
9.Be3 O-O 10.O-O Qc7 11.Rc1 Rd8 12.Bf4 Qd7 13.d5 Na5 14.Bd3 e5 15.Bg5 Rf8
16.Qd2 f5 17.c4 b6 18.f4 h6 19.Bh4 exf4 20.Nxf4 g5 21.Ne6 gxh4 22.Nxf8 Kxf8
23.e5 Qe7 24.e6 Nb7 25.Bxf5 Kg8 26.Bb1 Nd6 27.Qd3 Bd4+ 28.Kh1 Ba6 29.Rf7 Nxf7
30.Qh7+ Kf8 31.Rf1 Ke8 32.Rxf7 Qg5 33.Bg6  1-0

[Event "Oviedo rapid45"]
[Site "Oviedo"]
[Date "1992.??.??"]
[Round "8"]
[White "Fernandez, Jose"]
[Black "San Claudio, Francisco Javier"]
[Result "1/2-1/2"]
[WhiteElo "2210"]
[BlackElo "2240"]

1.d4 Nf6 2.c4 g6 3.Nc3 d5 4.cxd5 Nxd5 5.e4 Nxc3 6.bxc3 Bg7 7.Bb5+ Nd7 8.Ne2 O-O
9.O-O c6 10.Bd3 Nb6 11.a4 Be6 12.a5 Nc8 13.Nf4 Qd7 14.Nxe6 Qxe6 15.e5 Kh8
16.f4 f5 17.Qe2 Qf7 18.Ba3 Rd8 19.Rfb1 b5 20.Qf3 Qd5 21.Qxd5 Rxd5 22.Be2 a6
23.Bb2 Na7 24.c4 Rd7 25.Rc1 e6 26.cxb5 cxb5 27.Bd1 Kg8 28.Bb3 Kf7 29.Re1 Re8
30.Rad1 Bf8 31.d5 Bc5+ 32.Kf1 exd5 33.Rxd5 Rxd5 34.Bxd5+ Ke7 35.Rc1 Be3 36.Ke2 Bxc1
37.Bxc1 b4 38.Be3 Rd8 39.Bc5+ Ke8 40.Bb3 Nb5 41.Ke3 Nc3 42.Bd6 Kd7  1/2-1/2

[Event "Palma de Mallorca op"]
[Site "Palma de Mallorca"]
[Date "1992.??.??"]
[Round "3"]
[White "Tukmakov, Vladimir B"]
[Black "Doncevic, Dario"]
[Result "1/2-1/2"]
[WhiteElo "2535"]
[BlackElo "2355"]

1.d4 Nf6 2.c4 g6 3.Nc3 d5 4.cxd5 Nxd5 5.e4 Nxc3 6.bxc3 Bg7 7.Bb5+ Bd7 8.Bxd7+ Qxd7
9.Nf3 c5 10.O-O cxd4 11.cxd4 Nc6 12.Be3 O-O 13.Rc1 Rac8 14.d5 Ne5 15.Nxe5 Bxe5
16.Qb3 Rxc1 17.Rxc1 Rc8 18.Rxc8+ Qxc8 19.f4 Bd6 20.Kf1 f6 21.h3 Kf8 22.Ke2 a5
23.a4 Qb8 24.g3  1/2-1/2

[Event "Palma de Mallorca op"]
[Site "Palma de Mallorca"]
[Date "1992.??.??"]
[Round "4"]
[White "Campos, Jose Felix"]
[Black "Serra Olives, Tomas"]
[Result "1-0"]
[WhiteElo "2470"]
[BlackElo "2290"]

1.d4 Nf6 2.c4 g6 3.Nc3 d5 4.cxd5 Nxd5 5.e4 Nxc3 6.bxc3 Bg7 7.Bc4 c5 8.Ne2 O-O
9.O-O Nc6 10.Be3 Qc7 11.Rc1 Rd8 12.Bf4 Qa5 13.Qb3 Rf8 14.Be3 a6 15.dxc5 Ne5
16.Nf4 Nxc4 17.Qxc4 Bd7 18.Qb3 Bc6 19.Nd5 Rfe8 20.Qb4 Qxb4 21.cxb4 Rac8 22.Rfd1 Kf8
23.f3 Red8 24.Nb6 Rb8 25.Bf4 e5 26.Be3 Ke7 27.Kf2 Ke6 28.Nc4 Bf8 29.Na5 Be7
30.a3 Bb5 31.Rxd8 Bxd8 32.Nc4 Bc7 33.Nb2 f5 34.exf5+ gxf5 35.Rd1 Rd8 36.Rxd8 Bxd8
37.g3 Bf6 38.Bc1 Kd5 39.Ke3 e4 40.Kf4 Be5+ 41.Kxf5 exf3 42.Nd1 Bd7+ 43.Kg5 Bd4
44.Be3 Bxe3+ 45.Nxe3+ Kd4 46.Kf4 Bc6 47.Ng4 Kd3 48.h4 Ke2 49.Nh2 f2 50.g4 f1=Q+
51.Nxf1 Kxf1 52.h5 Ke2 53.g5 Kd3 54.g6 hxg6 55.h6 g5+ 56.Kxg5 Be4 57.Kf6 Kd4
58.Ke6 Kc4 59.Ke5 Bd3 60.Kd6 Kb5 61.Kc7 Be4 62.Kb8 Kc6 63.a4  1-0

[Event "Palma de Mallorca op"]
[Site "Palma de Mallorca"]
[Date "1992.??.??"]
[Round "7"]
[White "Topalov, Veselin"]
[Black "Sanchez Almeyra, Jorge"]
[Result "1/2-1/2"]
[WhiteElo "2460"]
[BlackElo "2425"]

1.d4 Nf6 2.c4 g6 3.Nc3 d5 4.cxd5 Nxd5 5.e4 Nxc3 6.bxc3 Bg7 7.Bc4 c5 8.Ne2 O-O
9.Be3 Nc6 10.Rc1 cxd4 11.cxd4 Qa5+ 12.Kf1 Bg4 13.f3 Bd7 14.h4 Rfd8 15.h5 Be8
16.hxg6 hxg6 17.Kf2 Rac8 18.Bb3 e6 19.Qg1 Nxd4 20.Rxc8 Rxc8 21.Nxd4 Bxd4
22.Bxd4 Qd2+ 23.Kg3 Qg5+ 24.Kf2 Qd2+ 25.Kg3 Qg5+ 26.Kf2  1/2-1/2

[Event "CZE-ch"]
[Site "Pardubice"]
[Date "1992.??.??"]
[Round "?"]
[White "Hlavnicka, Jiri"]
[Black "Pribyl, Josef"]
[Result "0-1"]
[WhiteElo "2275"]
[BlackElo "2430"]

1.d4 Nf6 2.c4 g6 3.Nc3 d5 4.cxd5 Nxd5 5.e4 Nxc3 6.bxc3 Bg7 7.Bc4 O-O 8.Ne2 Qd7
9.O-O b6 10.Be3 Bb7 11.Qd3 Nc6 12.Ba6 Bxa6 13.Qxa6 e5 14.d5 Na5 15.c4 c6
16.Nc3 Qc8 17.Qxc8 Rfxc8 18.c5 bxc5 19.d6 Nc4 20.Bxc5 Rd8 21.Rfd1 Bf8 22.Na4 Bxd6
23.Rdc1 Bxc5 24.Rxc4 Bd4 25.Rac1 Rac8 26.Rxc6 Rxc6 27.Rxc6 Rb8 28.g3 Rb4
29.Nc3 Rb2 30.Nd5 Rxf2 31.Kh1 Rxa2 32.g4 Kg7 33.h4 h6 34.h5 Rf2 35.hxg6 fxg6
36.Nc7 Kf7 37.Nd5 Re2 38.Rc7+ Ke8 39.Rh7 Kf8 40.Rc7 Rxe4  0-1

[Event "CZE-ch"]
[Site "Pardubice"]
[Date "1992.??.??"]
[Round "?"]
[White "Pribyl, Josef"]
[Black "Pribyl, Martin"]
[Result "1/2-1/2"]
[WhiteElo "2430"]
[BlackElo "2260"]

1.c4 Nf6 2.d4 g6 3.Nc3 d5 4.cxd5 Nxd5 5.e4 Nxc3 6.bxc3 Bg7 7.Bc4 c5 8.Ne2 Nc6
9.Be3 cxd4 10.cxd4 b5 11.Bxb5 Qa5+ 12.Nc3 Qxc3+ 13.Bd2 Qxd4 14.Bxc6+ Bd7
15.Bxa8 Qxa1 16.Qxa1 Bxa1 17.O-O O-O 18.Rxa1 Rxa8 19.Bb4 e6 20.Rc1 Rc8 21.Rxc8+ Bxc8
22.f3  1/2-1/2

[Event "CZE-ch"]
[Site "Pardubice"]
[Date "1992.??.??"]
[Round "?"]
[White "Hlavnicka, Jiri"]
[Black "Pribyl, Martin"]
[Result "1-0"]
[WhiteElo "2275"]
[BlackElo "2260"]

1.c4 Nf6 2.Nc3 d5 3.d4 g6 4.cxd5 Nxd5 5.e4 Nxc3 6.bxc3 Bg7 7.Be3 c5 8.Qd2 Qa5
9.Rc1 O-O 10.Nf3 cxd4 11.cxd4 Qxd2+ 12.Kxd2 Nc6 13.Bb5 f5 14.exf5 Bxf5 15.Ke2 Rac8
16.Rc5 Nb4 17.Rhc1 b6 18.Rc7 a6 19.Bc4+ Kh8 20.Bb3 a5 21.Ng5 a4 22.Nf7+ Kg8
23.Nh6+ Kh8 24.Bxa4 Rxc7 25.Rxc7 Nd5 26.Nxf5 Nxc7 27.Nxe7 Ne6 28.d5 Nd4+
29.Kd3 b5 30.Bd1 Nf5 31.Nxf5 gxf5 32.Bb3 Rd8 33.Bf4 Rc8 34.d6 Bf6 35.d7 Rc3+
36.Kd2 Rc5 37.Bd6 Rc6 38.Be5 Rd6+ 39.Bxd6  1-0

[Event "Pardubice op"]
[Site "Pardubice"]
[Date "1992.??.??"]
[Round "1"]
[White "Spacek, Petr"]
[Black "Krupkova, Petra"]
[Result "0-1"]
[WhiteElo "2395"]
[BlackElo "2055"]

1.d4 Nf6 2.c4 g6 3.Nc3 d5 4.cxd5 Nxd5 5.e4 Nxc3 6.bxc3 Bg7 7.Be3 c5 8.Rc1 Qa5
9.Qd2 cxd4 10.cxd4 Qxd2+ 11.Bxd2 O-O 12.d5 Nd7 13.Nf3 Nb6 14.Bb5 f5 15.Ng5 fxe4
16.Ne6 Bxe6 17.dxe6 Bd4 18.Rf1 Rac8 19.Rxc8 Rxc8 20.Kd1 a6 21.Be2 Nd5 22.Bg4 h5
23.Bh3 Nc3+ 24.Bxc3 Rxc3 25.Re1 Bxf2 26.Rxe4 Ra3 27.Re2 Bc5 28.g3 b5 29.Bg2 Kg7
30.Bc6 b4 31.Rd2 Kf6 32.Bd5 a5 33.Ke2 a4 34.Rd3 Rxd3 35.Kxd3 Ke5 36.Bc4 Kf5
37.Ke2 g5 38.Bb5 a3 39.Bc4 g4 40.Kd3 Kg5 41.Ke2 Bg1 42.Kf1 Bxh2 43.Kg2 Bxg3
44.Kxg3 h4+ 45.Kg2 Kf4 46.Bd5 Ke3 47.Bb3 h3+ 48.Kg1 g3 49.Bd5 h2+ 50.Kg2 h1=Q+
51.Kxh1 Kf2  0-1

[Event "Pardubice op"]
[Site "Pardubice"]
[Date "1992.??.??"]
[Round "4"]
[White "Panchenko, Alexander N"]
[Black "Stohl, Igor"]
[Result "1/2-1/2"]
[WhiteElo "2465"]
[BlackElo "2560"]

1.c4 g6 2.d4 Nf6 3.Nc3 d5 4.cxd5 Nxd5 5.e4 Nxc3 6.bxc3 Bg7 7.Be3 c5 8.Qd2 Qa5
9.Rb1 b6 10.Rb5 Qa4 11.Rb2 O-O 12.Bb5 Qa5 13.Nf3 Bb7 14.Bd3 cxd4 15.cxd4 Nc6
16.O-O Qxd2 17.Rxd2 e6 18.d5 Nb4 19.Bc4 Rac8 20.Bb3 exd5 21.exd5 Bc3 22.Rdd1 Ba6
23.d6 Bxf1 24.Kxf1 Bf6 25.d7 Rcd8 26.Bf4 b5 27.Bc7 Kg7 28.a4 Na6  1/2-1/2

[Event "Pardubice op"]
[Site "Pardubice"]
[Date "1992.??.??"]
[Round "7"]
[White "Gleizerov, Evgeny"]
[Black "Jasnikowski, Zbigniew"]
[Result "1-0"]
[WhiteElo "2540"]
[BlackElo "2455"]

1.d4 Nf6 2.c4 g6 3.Nc3 d5 4.cxd5 Nxd5 5.e4 Nxc3 6.bxc3 Bg7 7.Bb5+ c6 8.Ba4 b5
9.Bb3 b4 10.Ne2 bxc3 11.Be3 Ba6 12.Rc1 Nd7 13.e5 Nb6 14.Nxc3 O-O 15.Ne4 Nd5
16.Nc5 Nxe3 17.fxe3 Kh8 18.Qd2 Bc8 19.Qc3 f6 20.e6 f5 21.Rd1 a5 22.Bc4 Qd6
23.Qd2 a4 24.O-O Rb8 25.g3 a3 26.Qd3 Rb4 27.Rf2 h5 28.Bb3 Kh7 29.Kg2 Bf6
30.Qc2 Kg7 31.Qc3 Rb5 32.Rc2 Rd8 33.Rcd2 h4 34.e4 fxe4 35.Nxe4 h3+ 36.Kg1 Qb4
37.Qe3 Rf8 38.g4 Qa5 39.Rf2 Rxb3 40.axb3 a2 41.Ra1 Qd5 42.Qf3 Qd8 43.Nxf6 Rxf6
44.Qe4 Rxe6 45.Qf4 Rf6 46.Qe5 Bxg4 47.Raxa2 Bf5 48.Rae2 Kf7 49.Re3 Qd7 50.b4 Qb7
51.Qc5 Rd6 52.Rxf5+ gxf5 53.Qxf5+ Rf6 54.Qh5+ Kf8 55.Rg3  1-0